Di sản thế giới. Văn hoá -Tự nhiên - Hỗn hợp / t.IV, Châu Âu :
Na minha lista:
| Autor principal: | |
|---|---|
| Formato: | Sách giấy |
| Idioma: | Vietnamese |
| Publicado em: |
TP. HCM :
Trẻ,
2002
|
| Edição: | Tái bản lần thứ nhất |
| Assuntos: | |
| Tags: |
Adicionar Tag
Sem tags, seja o primeiro a adicionar uma tag!
|
| Thư viện lưu trữ: | Thư viện Trường Đại học Đà Lạt |
|---|
| LEADER | 00863nam a2200325 4500 | ||
|---|---|---|---|
| 001 | DLU030020384 | ||
| 003 | ##DLU | ||
| 005 | ##20021230 | ||
| 008 | ##021230t vn z000 vie d | ||
| 040 | # | # | |a DLU |b vie |
| 041 | # | # | |a vie |
| 044 | # | # | |a vn |
| 082 | # | # | |a 910.94 |b BU-D |
| 100 | # | # | |a Bùi Đẹp |e Biên soạn |
| 245 | # | # | |a Di sản thế giới. |n t.IV, |p Châu Âu : |b Văn hoá -Tự nhiên - Hỗn hợp / |c Bùi Đẹp |
| 250 | # | # | |a Tái bản lần thứ nhất |
| 260 | # | # | |a TP. HCM : |b Trẻ, |c 2002 |
| 300 | # | # | |a 325 tr. ; |c 20 cm. |
| 650 | # | # | |a Di sản văn hoá |z Châu Âu. |
| 651 | # | # | |a Châu Âu |x Mô tả và du lịch. |
| 990 | # | # | |a t.IV |
| 992 | # | # | |a 30000 |
| 994 | # | # | |a DLU |
| 900 | # | # | |a True |
| 911 | # | # | |a Phan Ngọc Đông |
| 925 | # | # | |a G |
| 926 | # | # | |a A |
| 927 | # | # | |a SH |
| 980 | # | # | |a Thư viện Trường Đại học Đà Lạt |